00401nam a2200157Ia 45000010006000000050017000060080041000230410008000640820021000721100068000932450029001612600009001903000028001996500008002276540008002352437020260414151038.0260414t2010||||xx |||||||||||||| ||spa|| aESP a345.7bA176 T. 1 aAsociación Peruana de Investigación de Ciencias Jurídicas 0aDerecho procesal civilb c2010 a491 páginas :c24 cm. aDER aCDE